[Event "NLD-chT9495"]
[Site "?"]
[Date "1994.??.??"]
[Round "8"]
[White "Lemmers, Oscar"]
[Black "Riemersma, Liafbern"]
[Result "0-1"]
[WhiteElo "2375"]
[BlackElo "2440"]

1.e4 c5 2.c3 Nf6 3.e5 Nd5 4.d4 cxd4 5.Nf3 e6 6.cxd4 b6 7.Bd3 Ba6 8.O-O Be7
9.Nc3 Nxc3 10.bxc3 O-O 11.Bxa6 Nxa6 12.Nd2 d5 13.f4 Rc8 14.Rf3 b5 15.a3 f5
16.exf6 Bxf6 17.Nb3 Qd7 18.Bb2 Be7 19.Qe2 Bd6 20.g3 Nc7 21.Re3 Rce8 22.Nd2 Na8
23.a4 bxa4 24.c4 Rb8 25.Ra2 Nc7 26.c5 Be7 27.Nf3 Bf6 28.Qc2 Qb5 29.Rea3 Na6
30.Bc3 Rfc8 31.Kg2 Nxc5 32.dxc5 Qxc5 33.Qe2 Bxc3 34.Qxe6+ Kh8 35.Ng5 h6 36.Nf7+ Kh7
37.Qf5+ g6 38.Qh3 Bg7 39.Ng5+ Kh8 40.Nf7+ Kh7 41.Ng5+ Kg8 42.Qe6+ Kh8 43.Nf7+ Kh7
44.f5 gxf5 45.Qxf5+ Kg8 46.Qg6 Qc1 47.Rf3 Rc6 48.Nd6 Qg5 49.Qe6+ Kh7 50.Qd7 Rcb6
51.h4 Qe5 52.Nf5 R8b7 53.Qxa4 Rb2+ 54.Rxb2 Rxb2+ 55.Kh3 Qe2 56.Re3 Qf1+ 57.Kg4 Qb1
58.Qd7 Rb4+ 59.Kh5 Qd1+  0-1

[Event "NLD-sf"]
[Site "?"]
[Date "1994.??.??"]
[Round "3"]
[White "Homs, Guust"]
[Black "Van Esch, B."]
[Result "1/2-1/2"]
[WhiteElo "2235"]
[BlackElo "2205"]

1.e4 c5 2.c3 Nf6 3.e5 Nd5 4.d4 cxd4 5.cxd4 e6 6.Nf3 b6 7.Bd3 Bb4+ 8.Bd2 Bxd2+
9.Qxd2 O-O 10.O-O Ba6 11.Nc3 Nxc3 12.Qxc3 Bxd3 13.Qxd3 Nc6 14.a3 d5 15.Rac1 Rc8
16.Rc3 Qd7 17.Rfc1 h6 18.g3  1/2-1/2

[Event "NLD-sf"]
[Site "?"]
[Date "1994.??.??"]
[Round "4"]
[White "Jonkman, Harmen"]
[Black "Riemersma, Liafbern"]
[Result "0-1"]
[WhiteElo "2280"]
[BlackElo "2440"]

1.e4 c5 2.c3 Nf6 3.e5 Nd5 4.d4 cxd4 5.Nf3 e6 6.cxd4 b6 7.Nc3 Nxc3 8.bxc3 Qc7
9.Bd2 Bb7 10.Bd3 d6 11.O-O Nd7 12.Ng5 dxe5 13.Qh5 g6 14.Qh3 Bg7 15.Rfe1 a6
16.f4 e4 17.Nxe4 O-O 18.Ng5 Nf6 19.Re5 b5 20.Rf1 Qd6 21.Rfe1 Bd5 22.a4 bxa4
23.Rc1 h6 24.Nf3 Rab8 25.f5 exf5 26.Bf4 Nh5 27.Rxd5 Qxf4 28.Re1 Rb2 29.Qh4 Qxh4
30.Nxh4 Nf4 31.Bc4 Nxd5 32.Bxd5 Rd8 33.Nxg6 Bf6 34.Bc4 Rc8 35.Bd5 Rxc3 36.Nf4 Bxd4+
37.Kh1 Be3 38.Nh5  0-1

[Event "NOR-chT east"]
[Site "NOR"]
[Date "1994.??.??"]
[Round "6"]
[White "Dahl, Ingrid"]
[Black "Glenne, Bjorn Erik"]
[Result "1/2-1/2"]
[WhiteElo "2115"]
[BlackElo "2265"]

1.e4 c5 2.c3 Nf6 3.e5 Nd5 4.Nf3 Nc6 5.d4 cxd4 6.Bc4 Nb6 7.Bb3 e6 8.O-O d6
9.cxd4 dxe5 10.dxe5 Qxd1 11.Rxd1 Bd7 12.Nc3 Na5 13.Bc2 Bc6 14.Bf4 Nd5 15.Nxd5 Bxd5
16.Rac1 a6 17.Nd2 Be7 18.Be4 Bc6 19.Bxc6+ Nxc6 20.Ne4 Rd8 21.Rxd8+ Kxd8 22.Ng5 Bxg5
23.Bxg5+ Kd7 24.Rd1+ Kc8 25.Rc1 Kd7 26.Rd1+ Kc7 27.Rc1 Rc8 28.Kf1 Kd7 29.Rd1+ Ke8
30.Rc1 Kd7 31.Rd1+ Ke8 32.Rc1 Kd7  1/2-1/2

[Event "BCF-ch"]
[Site "Norwich"]
[Date "1994.??.??"]
[Round "9"]
[White "Howell, James C"]
[Black "Ward, Christopher"]
[Result "1-0"]
[WhiteElo "2495"]
[BlackElo "2495"]

1.e4 c5 2.c3 Nf6 3.e5 Nd5 4.Nf3 e6 5.d4 cxd4 6.cxd4 d6 7.Bc4 Nc6 8.O-O Be7
9.Qe2 O-O 10.Nc3 Nxc3 11.bxc3 dxe5 12.dxe5 Qc7 13.Qe4 b6 14.Bg5 Bxg5 15.Nxg5 g6
16.Rae1 h6 17.Bxe6 Kg7 18.Bxf7 Rxf7 19.Nxf7 Kxf7 20.e6+ Kg7 21.f4 Ba6 22.Rf2 Qd6
23.f5 Bd3 24.f6+ Kh7 25.Qe3 Bc4 26.Rd2 Qc5 27.Qxc5 bxc5 28.Rd7+ Kg8 29.Rc7 Nd8
30.Rxa7 Rb8 31.e7 Ne6 32.e8=Q+  1-0

[Event "Nyiregyhaza op"]
[Site "Nyiregyhaza"]
[Date "1994.??.??"]
[Round "?"]
[White "Egri, Laszlo"]
[Black "Kocsis, Gyorgy"]
[Result "0-1"]
[WhiteElo "2275"]
[BlackElo "2285"]

1.e4 c5 2.c3 Nf6 3.e5 Nd5 4.d4 cxd4 5.cxd4 d6 6.Bc4 Nb6 7.Bb5+ Bd7 8.e6 Bxb5
9.Qh5 Qc8 10.Qxb5+ Qc6 11.exf7+ Kxf7 12.Qf5+ Ke8 13.Ne2 g6 14.Qh3 Qd7 15.Qg3 Nc6
16.O-O Bg7 17.Be3 Qf5 18.Nbc3 Kf7 19.Rad1 Nb4 20.a3 N4d5 21.Nxd5 Nxd5 22.Bc1 Nb6
23.Rd3 Bf6 24.Rf3 Qe4 25.Nc3 Qxd4 26.Rd1 Qe5 27.Bf4 Qe6 28.Bg5 Nd7 29.Re3 Qf5
30.h4 Rhe8 31.Ne4 Kg7 32.Rde1 Be5 33.Qf3 h6 34.Bxh6+ Kxh6 35.Ng5 Qxf3 36.Rxf3 Rf8
37.Nf7+ Kg7 38.Nxe5 Nxe5 39.Rg3 Rac8 40.Re2 Rc1+  0-1

[Event "Nyiregyhaza op"]
[Site "Nyiregyhaza"]
[Date "1994.??.??"]
[Round "?"]
[White "Dovzik, Juri"]
[Black "Katona, Marton"]
[Result "1-0"]
[WhiteElo "2375"]
[BlackElo "2190"]

1.e4 c5 2.c3 Nf6 3.e5 Nd5 4.g3 d6 5.exd6 Qxd6 6.Bg2 Nc6 7.Na3 Nc7 8.Nc4 Qe6+
9.Ne3 Qd6 10.Ne2 g6 11.O-O Bg7 12.Nc4 Qd7 13.d3 b6 14.Bf4 Nd5 15.Bd6 e6 16.Nf4 b5
17.Nxd5 bxc4 18.Nc7+ Kd8 19.Nxa8 Qxd6 20.dxc4 Ke7 21.Qxd6+ Kxd6 22.Rfd1+  1-0

[Event "DEN-ch"]
[Site "Odense"]
[Date "1994.??.??"]
[Round "6"]
[White "Pedersen, Steffen"]
[Black "Schandorff, Lars"]
[Result "0-1"]
[WhiteElo "2420"]
[BlackElo "2430"]

1.e4 c5 2.c3 Nf6 3.e5 Nd5 4.g3 d6 5.exd6 e6 6.Bg2 Bxd6 7.Ne2 Nc6 8.O-O O-O
9.d4 cxd4 10.Nxd4 Nxd4 11.Qxd4 Qc7 12.Nd2 Bd7 13.Ne4 Be5 14.Qd3 a6 15.Rd1 Bb5
16.Qc2 Rad8 17.Bd2 h6 18.f4 Bd4+ 19.Kh1 f5 20.Bc1 Ba7 21.Nf2 Nb4 22.Qb3 Bxf2
23.Rxd8 Rxd8 24.cxb4 Qb6 25.a4 Be2 26.a5 Qb5 27.Be3 Bc4 28.Qc3 Bxe3 29.Qxe3 Qxb4
30.b3 Qxb3 31.Qxb3 Bxb3 32.Rb1 Ba2 33.Rc1 Rd7 34.Kg1 Kf7 35.Rc8 Ke7  0-1

[Event "Orange op"]
[Site "Orange"]
[Date "1994.??.??"]
[Round "5"]
[White "Carlier, Bruno"]
[Black "Ungureanu, Emil"]
[Result "1-0"]
[WhiteElo "2355"]
[BlackElo "2320"]

1.e4 c5 2.c3 Nf6 3.e5 Nd5 4.Nf3 e6 5.Bc4 Nc7 6.d4 cxd4 7.cxd4 b6 8.Nc3 d5
9.exd6 Bxd6 10.O-O Ba6 11.Bxa6 Nbxa6 12.a3 O-O 13.Qd3 Nc5 14.Qc2 Nd7 15.Ne4 Be7
16.Ne5 Nxe5 17.dxe5 Nd5 18.Bd2 Rc8 19.Nc3 Qc7 20.Qe4  1-0

[Event "Oslo op"]
[Site "Oslo"]
[Date "1994.??.??"]
[Round "8"]
[White "Schmittdiel, Eckhard"]
[Black "Ernst, Thomas"]
[Result "1/2-1/2"]
[WhiteElo "2450"]
[BlackElo "2480"]

1.e4 c5 2.c3 Nf6 3.e5 Nd5 4.g3 d6 5.exd6 e6 6.Bg2 Bxd6 7.Nf3 O-O 8.O-O Nc6
9.Na3 b6 10.Nc4 Bc7 11.d3 Bb7 12.a4 Qe7 13.Qb3 Rab8 14.Bd2 Rfd8 15.Rad1 h6
16.Bc1 Nf6 17.Rfe1 Ba8 18.Ne3 Qf8 19.h3 a6 20.Qc4 b5 21.axb5 axb5 22.Qb3 Nd5
23.Ng4 c4 24.dxc4 Na5 25.Qc2 Nxc4 26.Nd4 Rb6 27.Qe2 h5 28.Nh2 h4 29.g4 Bf4
30.Bxd5 Bxh2+ 31.Kxh2 Rxd5 32.f4 e5 33.Nf5 Re6 34.Rxd5 Bxd5 35.Qf2 exf4 36.Bxf4 Qe8
37.Rxe6 Qxe6 38.Nxh4 Qe4 39.b3 Nb2 40.Qe3 Qh1+ 41.Kg3 Nd1 42.Qd2 Nxc3 43.Qxc3 Qg1+
44.Ng2 Qxg2+ 45.Kh4 Be6 46.b4 f6 47.Qe3  1/2-1/2

[Event "Pardubice op"]
[Site "Pardubice"]
[Date "1994.??.??"]
[Round "1"]
[White "Petr, Jan"]
[Black "Levin, Felix"]
[Result "1-0"]
[WhiteElo "2255"]
[BlackElo "2480"]

1.e4 c5 2.c3 Nf6 3.e5 Nd5 4.d4 cxd4 5.Nf3 e6 6.cxd4 d6 7.Bc4 dxe5 8.dxe5 Bb4+
9.Bd2 Be7 10.O-O Nb6 11.Bb3 Bd7 12.Nc3 Bc6 13.Qe2 Bxf3 14.gxf3 Nc6 15.Be3 O-O
16.Rad1 Qc7 17.f4 a6 18.Rc1 Rad8 19.Rfd1 Rxd1+ 20.Qxd1 Rd8 21.Qg4 g6 22.a4 Nd5
23.Nxd5 exd5 24.e6 f5 25.Qf3 d4 26.Bd2 Qb6 27.Qd3 Kg7 28.Qc4 Re8 29.Qd5 Rd8
30.Qc4 Rd6 31.Rc2 Qd8 32.Rc1 h6 33.Qd3 Kh7 34.Bc4 Qb6 35.b3 Rd8 36.Qf3 Bf6
37.a5 Qa7 38.Bd5 Ne7 39.Bxb7 d3 40.Rc7  1-0

[Event "Pardubice op2"]
[Site "Pardubice"]
[Date "1994.??.??"]
[Round "5"]
[White "Wiliczkiewicz, Zdzislawa"]
[Black "Gerland, Svenja"]
[Result "1/2-1/2"]
[WhiteElo "2015"]
[BlackElo "1875"]

1.e4 c5 2.c3 Nf6 3.e5 Nd5 4.d4 cxd4 5.Qxd4 e6 6.Nf3 Be7 7.Nbd2 O-O 8.Nc4 Nc6
9.Qe4 Qc7 10.Ne3 Nxe3 11.Bxe3 f5 12.exf6 Bxf6 13.Bd3 g6 14.Bc2 d5 15.Qd3 Ne7
16.O-O-O e5 17.Qd2 b5 18.h4 Bf5 19.h5 a5 20.hxg6 Bxg6 21.Bxg6 hxg6 22.Bg5 Qc4
23.Bxf6 Rxf6 24.Qh6 Qf4+ 25.Qxf4 Rxf4 26.Nxe5 Rxf2 27.Rd2 Raf8 28.Rhd1 Kg7
29.Rxf2 Rxf2 30.Rd2 Rxd2 31.Kxd2 Kf6 32.Nf3 Nc6 33.Ke3 b4 34.cxb4 Nxb4 35.a3 Nc6
36.Nd4 Ne5 37.b4 axb4 38.axb4 Nc4+ 39.Kf4 Nd6 40.b5 Nc4 41.Ne2 Nb6 42.Nc1 Nc4
43.Nd3 g5+ 44.Kf3 Kf5 45.Nb4  1/2-1/2

[Event "Pardubice"]
[Site "Pardubice"]
[Date "1994.??.??"]
[Round "5"]
[White "Hracek, Zbynek"]
[Black "Greenfeld, Alon"]
[Result "1/2-1/2"]
[WhiteElo "2530"]
[BlackElo "2600"]

1.e4 c5 2.c3 Nf6 3.e5 Nd5 4.Nf3 Nc6 5.Bc4 Nb6 6.Be2 d6 7.exd6 e6 8.O-O Bxd6
9.d4 O-O 10.Bg5 Qc7 11.Na3  1/2-1/2

[Event "Pardubice op2"]
[Site "Pardubice"]
[Date "1994.??.??"]
[Round "6"]
[White "Sebesta, P."]
[Black "Hachel"]
[Result "1/2-1/2"]
[WhiteElo "1995"]
[BlackElo "2105"]

1.e4 c5 2.c3 Nf6 3.e5 Nd5 4.d4 cxd4 5.Nf3 Nc6 6.cxd4 e6 7.Bc4 Nb6 8.Bb3 d6
9.O-O dxe5 10.dxe5 Qxd1 11.Rxd1 Be7 12.Nc3 a6 13.Bf4 O-O 14.Rac1 Rb8 15.Ne4 Nb4
16.Nc3 Nc6 17.Ne4 Na5 18.Bc2 Nd5 19.Bg3 Bd7 20.Bb1 Bc6 21.Nd4 Nb4 22.a3 Bxe4
23.Bxe4 Nbc6 24.Nxc6  1/2-1/2

[Event "Pardubice op"]
[Site "Pardubice"]
[Date "1994.??.??"]
[Round "9"]
[White "Nun, Jiri"]
[Black "Maksimenko, Andrei"]
[Result "1-0"]
[WhiteElo "2420"]
[BlackElo "2525"]

1.e4 c5 2.c3 Nf6 3.e5 Nd5 4.d4 cxd4 5.Nf3 Nc6 6.Bc4 Nb6 7.Bb3 d6 8.exd6 Qxd6
9.O-O Be6 10.Bxe6 Qxe6 11.Nxd4 Nxd4 12.Qxd4 Rd8 13.Qh4 Qe2 14.Nd2 e6 15.Qg3 f6
16.a4 Kf7 17.a5 Nd5 18.Nf3 Bd6 19.Qh3 Qa6 20.Re1 Bb8 21.Ra4 Ne7 22.Rae4 e5
23.b4 Qe6 24.Qxe6+ Kxe6 25.c4 Rd3 26.Rd4 Rd8 27.Rxd8 Rxd8 28.Bb2 g5 29.Kf1 g4
30.Nd4+ Kf7 31.Nb3 b6 32.axb6 axb6 33.Ke2 e4 34.Bd4 Bc7 35.Ra1 Nc6 36.Be3 Rd3
37.b5 Rxb3 38.bxc6 Ke6 39.Ra7 Rb2+ 40.Kd1 Be5 41.Rxh7 Rb1+ 42.Kc2 Rb2+ 43.Kc1 Ra2
44.c7 Ra8 45.Bxb6 Kd6 46.Ba7 Rc8 47.Kd2 f5 48.Ke3 Ke6 49.Bb8 Bb2 50.c5 Bc1+
51.Kd4 Bb2+ 52.Kc4 f4 53.Rh4 Kf5 54.Rh5+ Kg6 55.Rd5 Bf6 56.g3 f3 57.Kb5 Bc3
58.Rd1  1-0

[Event "Wch U12 Disney"]
[Site "Paris"]
[Date "1994.??.??"]
[Round "5"]
[White "Vajda, Levente"]
[Black "Mah, Karl"]
[Result "1-0"]
[WhiteElo "2200"]
[BlackElo "2145"]

1.e4 c5 2.c3 Nf6 3.e5 Nd5 4.d4 cxd4 5.Nf3 e6 6.cxd4 b6 7.a3 Bb7 8.Bd3 Nc6
9.O-O d6 10.Qe2 dxe5 11.dxe5 Be7 12.Rd1 Qc7 13.Nc3 Nxc3 14.bxc3 Na5 15.Nd4 a6
16.Bf4 Bc5 17.Qg4 O-O-O 18.Qe2 g5 19.Be3 Qxe5 20.Bxa6 Rhg8 21.Rab1 f5 22.Bxb7+ Kxb7
23.Qb5 Bxd4 24.Bxd4 Qxb5 25.Rxb5 Nc4 26.Rdb1  1-0

[Event "Paris op"]
[Site "Paris"]
[Date "1994.??.??"]
[Round "6"]
[White "Rausis, Igors"]
[Black "Robovic, Saudin"]
[Result "1-0"]
[WhiteElo "2495"]
[BlackElo "2410"]

1.e4 c5 2.c3 Nf6 3.e5 Nd5 4.d4 cxd4 5.cxd4 e6 6.Nc3 Nxc3 7.bxc3 Qc7 8.Nf3 b6
9.Bd2 Bb7 10.Bd3 d6 11.O-O Nd7 12.Re1 Be7 13.Ng5 Bxg5 14.Bxg5 dxe5 15.Qg4 h6
16.Qh3 Rg8 17.Bh4 g5 18.Bg3 O-O-O 19.Qxh6 f5 20.Bxe5 Nxe5 21.dxe5 Qc6 22.Bf1 Rh8
23.Qf6 Rdf8 24.Qe7 Re8 25.Qd6 Qxd6 26.exd6 Kd7 27.Red1 Bc6 28.h3 e5 29.a4 Rh6
30.a5 b5 31.Rab1 a6 32.c4 bxc4 33.Bxc4 Rxd6 34.Rxd6+ Kxd6 35.Bxa6 Ra8 36.Rb6 Kc5
37.g3 Rd8 38.Rb1 Be4 39.Ra1 Ba8 40.Bf1 e4 41.a6 Rf8 42.Ra5+ Kd4 43.Be2 Bd5
44.a7 f4 45.Ra4+ Ke5 46.Bc4 Ba8 47.Rb4 Kf6 48.Rb8 Ke7 49.Kf1 Rd8 50.Ke2 Kd7
51.h4 gxh4 52.gxh4 Kc7 53.h5  1-0

[Event "Passau op"]
[Site "Passau"]
[Date "1994.??.??"]
[Round "?"]
[White "Smagin, Sergey"]
[Black "Vasilchenko, Oleg"]
[Result "0-1"]
[WhiteElo "2545"]
[BlackElo "2415"]

1.e4 c5 2.c3 Nf6 3.e5 Nd5 4.d4 cxd4 5.Nf3 Nc6 6.Bc4 Nb6 7.Bb3 d6 8.exd6 Qxd6
9.O-O Be6 10.Na3 dxc3 11.Qe2 Bxb3 12.Nb5 Qb8 13.axb3 e5 14.bxc3 Be7 15.Bg5 Nc8
16.Bxe7 N8xe7 17.Rfd1 O-O 18.Rd7 Rd8 19.Nxe5 Nxe5 20.Rxe7 Ng6 21.Re4 a6 22.Nd4 Re8
23.Re1 Rxe4 24.Qxe4 Qc7 25.c4 Rd8 26.Nf5 Qe5 27.Kf1 Qxe4 28.Rxe4 Kf8 29.c5 f6
30.Ke2 Ne5 31.Rh4 Rd5 32.Rb4 Nc6 33.Rxb7 Rxf5 34.b4 Rf4 35.Rb6 Nxb4 36.c6 Nd5
37.Rxa6 Rc4 38.Ra8+ Kf7 39.Ra7+ Kg6 40.Rd7 Nc3+ 41.Kf3 Rxc6 42.g4 Nb5 43.Kg3 Rd6
44.Rb7 Rd3+ 45.Kg2 Nd6 46.Re7 Rd4 47.f3 Nc4 48.Kg3 Rd3 49.Re4 Ne5 50.Rf4 Rc3
51.h4 Rc4 52.Rf5 Kf7 53.h5 g6  0-1

[Event "World op"]
[Site "Philadelphia"]
[Date "1994.??.??"]
[Round "?"]
[White "Blatny, Pavel"]
[Black "Akopian, Vladimir"]
[Result "1/2-1/2"]
[WhiteElo "2525"]
[BlackElo "2605"]

1.e4 c5 2.c3 Nf6 3.e5 Nd5 4.d4 cxd4 5.Nf3 e6 6.cxd4 b6 7.Nc3 Nxc3 8.bxc3 Qc7
9.Bd2 Bb7 10.Bd3 d6 11.O-O Nd7 12.Re1 dxe5 13.Nxe5 Nxe5 14.Rxe5 Bd6 15.Bb5+ Kf8
16.Rh5 g6 17.Rh3 h5 18.Qe2 Bf4 19.Re1 Kg7 20.Bxf4 Qxf4 21.Ba6 Bxa6 22.Qxa6 Qd2
23.Kf1 Rhc8 24.Rf3 Rc7 25.Re2 Qg5 26.Re5 Qc1+ 27.Re1 Qd2 28.Re2 Qg5 29.Re5 Qh4
30.h3 Rac8 31.Qa3 Qe7 32.Qxe7 Rxe7 33.d5 Rc5 34.d6 Rd7 35.Rxc5 bxc5 36.Rd3 Kf6
37.h4 e5 38.Rd5 Ke6  1/2-1/2

[Event "World op"]
[Site "Philadelphia"]
[Date "1994.??.??"]
[Round "?"]
[White "Blatny, Pavel"]
[Black "Pigusov, Evgeny"]
[Result "1/2-1/2"]
[WhiteElo "2525"]
[BlackElo "2570"]

1.e4 c5 2.c3 Nf6 3.e5 Nd5 4.d4 cxd4 5.Nf3 Nc6 6.Bc4 Nb6 7.Bb3 d6 8.exd6 Qxd6
9.O-O Be6 10.Na3 Bxb3 11.Qxb3 e6 12.Rd1 Be7 13.Nb5 Qb8 14.Nbxd4 O-O 15.Nxc6 bxc6
16.Bg5 Bxg5 17.Nxg5 Qf4 18.Nf3 Rfd8 19.Nd4 Qc7 20.Nc2 h6 21.Ne3 Nd5 22.Nc4 Nb6
23.g3 Nxc4 24.Qxc4 Rd7 25.Rd4 Rxd4 26.cxd4 Rd8 27.Rc1 Qb6 28.b3 Qa5 29.b4 Qa4
30.Kg2 Rb8 31.Qxc6 Qxa2 32.Qd6 Qd5+ 33.Qxd5 exd5 34.Rc5 Rxb4 35.Rxd5 Kf8
36.Kf3 Ke7 37.h4 Ra4 38.Ke4 Ra1 39.Rb5 a5 40.Ke5 Re1+ 41.Kd5 a4 42.Ra5 Ra1
43.Ra7+ Kf6 44.Kd6 a3 45.d5 a2 46.Ra4 Kg6 47.g4 h5 48.f3 f6 49.Ra8 hxg4 50.fxg4 f5
51.gxf5+ Kxf5 52.Rf8+ Kg4 53.Rf2 Kxh4 54.Rc2 g5 55.Kc6 g4 56.d6 g3 57.d7 Rd1
58.Rxa2  1/2-1/2

[Event "World op"]
[Site "Philadelphia"]
[Date "1994.??.??"]
[Round "?"]
[White "Rozentalis, Eduardas"]
[Black "Balinas, Rosendo Carrean"]
[Result "1-0"]
[WhiteElo "2605"]
[BlackElo "2350"]

1.e4 c5 2.c3 Nf6 3.e5 Nd5 4.g3 d6 5.exd6 e5 6.Bg2 Qxd6 7.Ne2 Nc6 8.O-O Bg4
9.h3 Bh5 10.g4 Bg6 11.d4 O-O-O 12.Na3 Qf6 13.Qb3 e4 14.Ng3 Nf4 15.Bxf4 Qxf4
16.Rae1 cxd4 17.Nxe4 d3 18.Nb5 d2 19.Re2 Kb8 20.Rd1 a6 21.Na3 Bxa3 22.bxa3 Ka7
23.Nxd2 Qc7 24.Rde1 Bd3 25.Re3 h5 26.g5 Bf5 27.Nf3 Be6 28.Qa4 Rd5 29.g6 Ra5
30.Qh4 Rh6 31.gxf7 Bxf7 32.Nd4 Rg6 33.Nxc6+ Qxc6 34.Qd4+ Kb8 35.Rg3 Rxg3
36.fxg3 Bd5 37.Rf1 Qc5 38.Qxc5 Rxc5 39.Rf5 Bxg2 40.Rxc5 Bxh3 41.Rxh5 Be6
42.Rg5  1-0

[Event "Polanica Zdroj op"]
[Site "Polanica Zdroj"]
[Date "1994.??.??"]
[Round "?"]
[White "Bartosik, Piotr"]
[Black "Jasnikowski, Zbigniew"]
[Result "0-1"]
[WhiteElo "2230"]
[BlackElo "2475"]

1.e4 c5 2.c3 Nf6 3.e5 Nd5 4.d4 cxd4 5.Nf3 e6 6.cxd4 b6 7.Nc3 Nxc3 8.bxc3 Qc7
9.Bd2 Bb7 10.Bd3 d6 11.O-O Nd7 12.Re1 Be7 13.Rc1 O-O 14.exd6 Bxd6 15.Ne5 Nxe5
16.dxe5 Bxe5 17.Bxh7+ Kxh7 18.Qh5+ Kg8 19.Rxe5 Rad8 20.Be1 Rd5 21.Rxd5 Bxd5
22.c4 Qf4 23.Rc3 Qe4 24.Kf1 Bxc4+  0-1

[Event "Polanica Zdroj op"]
[Site "Polanica Zdroj"]
[Date "1994.??.??"]
[Round "?"]
[White "Suchan, Rafal"]
[Black "Skalik, Przemyslaw"]
[Result "0-1"]
[WhiteElo "2130"]
[BlackElo "2365"]

1.e4 c5 2.c3 Nf6 3.e5 Nd5 4.d4 cxd4 5.Nf3 Nc6 6.cxd4 d6 7.Bc4 e6 8.O-O Be7
9.Bd2 dxe5 10.dxe5 O-O 11.Nc3 Nb6 12.Bb3 Na5 13.Bc2 Nac4 14.b3 Nxd2 15.Qxd2 Qxd2
16.Nxd2 Bd7 17.Nde4 Rac8 18.Bd3 a6 19.Rad1 Rc7 20.Ne2 Bc6 21.Nd4 Bd5 22.Bb1 Rd8
23.Nf3 f5 24.exf6 gxf6 25.Ng3 Bxf3 26.Rxd8+ Bxd8 27.gxf3 Nd5 28.Rd1 Be7 29.Ne2 a5
30.f4 Nb4 31.Kf1 f5 32.Nd4 Rd7 33.Ke2 Nd5 34.Rg1+ Kf7 35.Nb5 Nxf4+ 36.Kf3 Ng6
37.Rc1 b6 38.Rc6 Ne5+  0-1

[Event "POR-chT"]
[Site "?"]
[Date "1994.??.??"]
[Round "?"]
[White "Vitor, Antonio"]
[Black "Antunes, Antonio"]
[Result "0-1"]
[WhiteElo "2165"]
[BlackElo "2465"]

1.e4 c5 2.c3 Nf6 3.e5 Nd5 4.d4 cxd4 5.Nf3 Nc6 6.Bc4 Nb6 7.Bb3 d6 8.exd6 Qxd6
9.O-O e6 10.cxd4 Be7 11.Nc3 O-O 12.Be3 Nd5 13.Qd2 b6 14.Nxd5 exd5 15.Bf4 Qd8
16.Rac1 Na5 17.Bc2 Ba6 18.Rfe1 Rc8 19.Bf5 Rxc1 20.Rxc1 g6 21.Bd3 Bxd3 22.Qxd3 Bd6
23.Bxd6 Qxd6 24.Ne5 Re8 25.Qf3 Re7 26.g3 Kg7 27.a3 f6 28.b4 fxe5 29.dxe5 Qxe5
30.bxa5 bxa5 31.Rd1 Rd7 32.Qg4 Rf7 33.h4 h5 34.Qd4 Qxd4 35.Rxd4 Rd7 36.Kf1 Kf6
37.Ra4 a6 38.Rxa5 Rd6 39.Ke2 Ke5 40.Ke3 Rb6 41.f4+ Ke6 42.Kd4 Rb3 43.Rxa6+ Kf5
44.Rd6 Rxg3 45.Rxd5+ Kxf4 46.Kc4 Rxa3 47.Rd4+ Kg3  0-1

[Event "CRO-ch"]
[Site "Porec"]
[Date "1994.??.??"]
[Round "?"]
[White "Grguric, Dragan"]
[Black "Sale, Srdjan"]
[Result "0-1"]
[WhiteElo "2270"]
[BlackElo "2445"]

1.e4 c5 2.c3 Nf6 3.e5 Nd5 4.d4 cxd4 5.Nf3 Nc6 6.cxd4 d6 7.exd6 Qxd6 8.Nc3 Bg4
9.Be2 e6 10.O-O Be7 11.Nb5 Qd7 12.Ne5 Nxe5 13.dxe5 Bxe2 14.Qxe2 O-O 15.Bd2 Rac8
16.Rac1 a6 17.Nc3 Rfd8 18.Ne4 Qa4 19.a3 Rxc1 20.Rxc1 Qd4 21.Ba5 b6 22.Bc3 Nxc3
23.Nxc3 Qf4 24.Rd1 Rxd1+ 25.Nxd1 Bc5 26.g3 Qd4 27.Nc3 b5 28.Kg2 Bxa3 29.Nxb5 Qxb2
30.Qd3 axb5  0-1

[Event "Pula PCA op"]
[Site "Pula"]
[Date "1994.??.??"]
[Round "?"]
[White "Mufic, Goran"]
[Black "Palac, Mladen"]
[Result "0-1"]
[WhiteElo "2315"]
[BlackElo "2505"]

1.e4 c5 2.c3 Nf6 3.e5 Nd5 4.g3 d6 5.exd6 Qxd6 6.Bg2 Nc6 7.Ne2 g6 8.d4 cxd4
9.Nxd4 Bg7 10.Nxc6 Qe6+ 11.Ne5 Qxe5+ 12.Qe2 Qxe2+ 13.Kxe2 Bg4+ 14.f3 Be6
15.Be3 Nxe3 16.Kxe3 O-O-O 17.Nd2 Bh6+ 18.f4 g5 19.Ne4 gxf4+ 20.gxf4 Bd5 21.Rhd1 Kc7
22.Nd6 Bxg2 23.Nxf7 Bxf4+ 24.Kf2 Rxd1  0-1

[Event "Pula PCA op"]
[Site "Pula"]
[Date "1994.??.??"]
[Round "?"]
[White "Mikac, Matjaz"]
[Black "Timoshenko, Georgy"]
[Result "0-1"]
[WhiteElo "2410"]
[BlackElo "2520"]

1.e4 c5 2.c3 Nf6 3.e5 Nd5 4.d4 cxd4 5.Nf3 Nc6 6.Bc4 Nb6 7.Bb3 d5 8.exd6 Qxd6
9.O-O Be6 10.Na3 dxc3 11.Nb5 Qxd1 12.Rxd1 Rc8 13.Bxe6 fxe6 14.Nxc3 g6 15.Ng5 Nd8
16.Re1 Bg7 17.Nxe6 Nxe6 18.Rxe6 Kf7 19.Re3 Rhf8 20.Ne4 Rc2 21.Rb3 Kg8 22.Be3 Rxb2
23.Rxb2 Bxb2 24.Rb1 Rd8 25.Nc5 Nc4 26.Nxb7 Rd5 27.Bc5 Rd7  0-1

[Event "Pula PCA op"]
[Site "Pula"]
[Date "1994.??.??"]
[Round "?"]
[White "Rosandic, Denis"]
[Black "Kozul, Zdenko"]
[Result "1/2-1/2"]
[WhiteElo "2330"]
[BlackElo "2575"]

1.e4 c5 2.c3 Nf6 3.e5 Nd5 4.d4 cxd4 5.Nf3 Nc6 6.Bc4 e6 7.cxd4 d6 8.O-O Be7
9.Qe2 O-O 10.Qe4 Qc7 11.Bd3 g6 12.Bh6 Rd8 13.Nbd2 Bd7 14.Rac1 Be8 15.h4 dxe5
16.dxe5 Nb6 17.Bb1 Rd5 18.Rfe1 Qd8 19.a3 Nd4 20.Qf4 Nxf3+ 21.Nxf3 Rb5 22.Re2 Nd5
23.Qg4 Qb6 24.b4 a5 25.Nd4 axb4 26.Nxb5 Bxb5 27.Rec2 Bc6 28.h5 Bf8 29.Bxf8 Kxf8
30.hxg6 hxg6 31.axb4 Qxb4 32.Rc4 Qd2 33.Be4 Kg7 34.Bxd5 Bxd5 35.R4c2 Qh6
36.Rc8 Bc6 37.Rxa8 Qxc1+ 38.Kh2 Qh6+ 39.Kg3 Bd5 40.Rb8 Bc6 41.f3 Qe3 42.Qf4 Qxf4+
43.Kxf4 Bd5 44.Kg4 Bc6 45.g3 g5 46.f4 gxf4 47.Kxf4 Bd5 48.Ke3 Bc6 49.Kd4 Bd5
50.Kc5 f6 51.Kd6 Kf7 52.Rh8 b5 53.exf6 Kxf6 54.Rf8+ Kg6 55.Rb8 Kf5 56.Rf8+ Kg4
57.Rg8+ Kf5 58.g4+ Kf6 59.Rb8 Bc4 60.g5+ Kxg5 61.Rxb5+ Bxb5 62.Kxe6  1/2-1/2

[Event "Pula PCA op"]
[Site "Pula"]
[Date "1994.??.??"]
[Round "?"]
[White "Podobnik, Marijan"]
[Black "Kruppa, Yuri"]
[Result "0-1"]
[WhiteElo "2325"]
[BlackElo "2505"]

1.e4 c5 2.c3 Nf6 3.e5 Nd5 4.d4 cxd4 5.Nf3 Nc6 6.Bc4 Nb6 7.Bb3 d5 8.exd6 Qxd6
9.O-O Be6 10.Na3 dxc3 11.Nb5 Qxd1 12.Rxd1 Rc8 13.Bxe6 fxe6 14.Nxc3 g6 15.Ne4 Bg7
16.Neg5 Nd8 17.Be3 h6 18.Ne4 Bxb2 19.Rab1 Bg7 20.Bxb6 axb6 21.Rxb6 Rf8 22.h3 Rf5
23.Rd2 Rc4 24.Re2 Ra5 25.Rb3 Raa4 26.Ng3 Rc1+ 27.Kh2 Ra1 28.a3 R4xa3 29.Rxa3 Rxa3
30.Ne4 b6 31.Rc2 Kd7 32.Nfd2 Nc6 33.Nc4 Ra6 34.Nc3 Bxc3 35.Rxc3 b5 36.Nb2 b4
37.Rd3+ Kc7 38.Nc4 Ra2 39.Kg3 Rc2 40.Ne3 Rc3 41.Rd1 Kb6 42.Kf4 Kc5 43.Rd7 Ra3
44.Ke4 Ra2 45.f4 b3  0-1

[Event "Pula PCA op"]
[Site "Pula"]
[Date "1994.??.??"]
[Round "?"]
[White "Osiecki, Stanislaw"]
[Black "Mufic, Goran"]
[Result "1/2-1/2"]
[WhiteElo "2220"]
[BlackElo "2315"]

1.e4 c5 2.c3 Nf6 3.e5 Nd5 4.d4 cxd4 5.cxd4 e6 6.Nf3 b6 7.Nc3 Nxc3 8.bxc3 Qc7
9.Bd2 d6 10.Bd3 Nd7 11.O-O dxe5 12.Qa4 Bb7 13.Nxe5 a6 14.c4 Bd6 15.Qxd7+ Qxd7
16.Nxd7 Kxd7 17.Rab1 Kc7 18.c5 bxc5 19.dxc5 Be5 20.Ba5+ Kc8 21.Rfc1 Bc6 22.Rb6 Bb5
23.Bxb5 axb5 24.Rxb5 Bc7 25.Bxc7 Kxc7 26.c6 Rhb8 27.Rxb8 Rxb8 28.Kf1 Rb2
29.a3 Rb3 30.a4 Rb4 31.a5 Rb5 32.Ra1 Kxc6 33.a6 Rb8 34.Ke2 Kb6 35.Ke3 Ka7
36.Ra2 Rb4 37.g3 h5 38.h4 Rb5 39.Kd4 Rd5+ 40.Kc4 g5 41.hxg5 Rxg5 42.Kd4  1/2-1/2

[Event "CRO-Cup"]
[Site "Pula"]
[Date "1994.??.??"]
[Round "1"]
[White "Mufic, Goran"]
[Black "Kozul, Zdenko"]
[Result "0-1"]
[WhiteElo "2315"]
[BlackElo "2575"]

1.e4 c5 2.c3 Nf6 3.e5 Nd5 4.d4 cxd4 5.Qxd4 e6 6.Nf3 Nc6 7.Qe4 f5 8.exf6 Nxf6
9.Qh4 d5 10.Bd3 Bd6 11.Bg5 e5 12.Bg6+ Ke7 13.Bh5 Qb6 14.Bxf6+ gxf6 15.Qg3 Kf8
16.Nbd2 Rg8 17.Qh4 Be7 18.O-O-O Qa6 19.a3 f5 20.Qh3 f4 21.g4 fxg3 22.Qg2 Bf5
23.Ne1 Nb4  0-1

[Event "CRO-Cup"]
[Site "Pula"]
[Date "1994.??.??"]
[Round "2"]
[White "Rosandic, Denis"]
[Black "Sulava, Nenad"]
[Result "1/2-1/2"]
[WhiteElo "2340"]
[BlackElo "2410"]

1.e4 c5 2.c3 Nf6 3.e5 Nd5 4.d4 cxd4 5.Nf3 d6 6.Bc4 Nb6 7.Bb5+ Bd7 8.Bxd7+ Qxd7
9.exd6 e6 10.Nxd4 Bxd6 11.O-O O-O 12.Qf3 Na6 13.Nd2 f5 14.Qe2 Rae8 15.Nc4 Nxc4
16.Qxc4 Kh8 17.Nb5 Bb8 18.f3 Rc8 19.Qe2 Nc7 20.Nxc7 Qxc7 21.f4 Rce8 22.Qf2 e5
23.fxe5  1/2-1/2

[Event "Reggio Emilia9495"]
[Site "Reggio Emilia"]
[Date "1994.??.??"]
[Round "7"]
[White "Godena, Michele"]
[Black "Belotti, Bruno"]
[Result "1/2-1/2"]
[WhiteElo "2485"]
[BlackElo "2455"]

1.e4 c5 2.c3 Nf6 3.e5 Nd5 4.Nf3 e6 5.d4 cxd4 6.cxd4 b6 7.Bd3 Bb4+ 8.Bd2 Bxd2+
9.Qxd2 Ba6 10.Be4 Nc6 11.Bxd5 exd5 12.Nc3 Ne7 13.O-O-O Rc8 14.Kb1 Rc6 15.Nh4 O-O
16.f4 Rh6 17.Nf3 f5 18.exf6 Rhxf6 19.g3 Bb7 20.Nh4 Nc8 21.Ng2 Qe8 22.Ne3 Qf7
23.Ka1 Nd6 24.Rhe1 Re6 25.Ng4 Rxe1 26.Rxe1 Re8 27.Rxe8+ Qxe8 28.Qe3 Ne4 29.Nxe4 dxe4
30.Qb3+ Kh8 31.Ne3 Qh5 32.Qa3 Kg8 33.Qe7 h6 34.a3 Qe2 35.Qxd7  1/2-1/2